00265nam a2200109Ia 4500008004100000100002200041245003900063260001700102650001400119942000700133999001500140190216s9999||||xx |||||||||||||| ||und|| aTuli&Amp;Soni P L 0aInorganic And Analytical Chemistry bS Chand & Co aChemistry cBK c2037d2037